Responses for Show #8747 - Tuesday, November 22, 2022

Cris Pannullo game 12.

Contestants

[<< previous game]

Etienne Lepine, a software engineer from Lafayette, Colorado

David Stiasny, a pediatrician from Highland Park, Illinois

Cris Pannullo, a customer success operations manager from Ocean City, New Jersey (whose 11-day cash winnings total $356,702)

[next game >>]

Jeopardy! Round responses

HEALTH & MEDICINE
SOCCER'S WORLD CUP IN THE 21st CENTURY
RHYMING PHRASES
WHO LIVES IN...
A PINEAPPLE
UNDER THE "C"
    $200 22
a hiccup

etienne
    $200 28
(Ken: Yes, and the 2022 World Cup will begin this week.)

Moscow

|David|
    $200 23
winner, winner, chicken dinner

Cris
    $200 26
Maine

etienne
    $200 30
(Ken: Pineapple on [*], yes, and I can resolve the controversy--it's delicious.)

pizza

|David|
    $200 24
carbon

etienne
    $400 21
a retina

|David|
    $400 20
penalty kicks

|David|
    $400 19
a son of a gun

Cris
    $400 27
(Ken: Yes, he's Pope Francis now.)

Vatican City

Cris
    $400 29
upside-down cake

|David|
    $400 25
cummerbund

Cris
    $600 9
salmonella

|David|
    $600 10
the midfield

Cris
    $600 18
surf & turf

etienne
    $600 14
Seattle

|David|
    $600 16
C

|David|
    $600 6
contempt

Cris
    $800 1
shingles

|David|
    $800 4
the vuvuzela

Cris
    $800 7
the rain in Spain

Cris
    $800 8
Gracie

Cris
    $800 11
arthritis

|David|
    $800 5
Chad

Cris
    $1000 2
sciatica

|David|
    $1000 3
Alex Morgan

|David|
    $1000 12
the jet set

Cris
    $2,600 17
(David: What is... Belgrade?)

The Hague

|David|
    $1000 15
Maui

Cris
    $1000 13
a chevalier

Cris

Scores at the first commercial break (after clue 15):

Cris |David| etienne
$7,400 $4,800 $0

Scores at the end of the Jeopardy! Round:

Cris |David| etienne
$8,800 $4,400 $1,200

Double Jeopardy! Round responses

THAT WAS QUITE A YEAR
STORIES OF THE SOUTH
RSVP TO MY POLITICAL PARTY
BUILDINGS
BATMAN VILLAINS
VOCABULARY WORDS
(Ken: These responses are all made up entirely of letters in the word "vocabulary".)
    $400 22
1929

|David|
    $400 25
Georgia

|David|
    $400 20
(the) Reform (Party)

Cris
    $400 6
Korea

Cris
    $400 28
the Joker

Cris
    $400 1
curb

|David|
    $800 21
1776

Triple Stumper
    $800 13
fried green tomatoes

Cris
    $2,400 5
the Federalists

etienne
    $800 8
Cinderella

Cris
    $800 27
Scarecrow

|David|
    $800 29
vary

etienne
    $1200 19
1967

Triple Stumper
    $1200 12
The Help

etienne
    $1200 4
Bull Moose

etienne
    $1200 9
pavilions

Cris
    $1200 24
Poison Ivy

Cris
    $1200 30
valor

Cris
    $5,000 14
1215

Cris
    $1600 11
a slave uprising

Triple Stumper
    $1600 3
the Know Nothings

Cris
    $1600 7
corner offices

etienne
    $1600 2
(Ken: [Hands over mouth to mimic character's muffled voice] Correct.)
[Laughter]

Bane

Cris
    $1600 23
coy

Triple Stumper
    $2000 18
1898

Cris
    $2000 26
Ya-Ya

Cris
    $2000 17
Dixiecrat

|David|
    $2000 10
Moroni

Cris
    $2000 15
the Mad Hatter

|David|
    $2000 16
the rock cavy

Triple Stumper

Scores at the end of the Double Jeopardy! Round:

Cris |David| etienne
$29,400 $10,400 $8,400
(lock game)

[wagering suggestions for these scores]

Final Jeopardy! Round responses

MUSICAL THEATER
(Ken: [To Etienne] It wasn't until a later draft that Maria and the Sharks became Puerto Rican.)
...
(Ken: [To David] No, though I guess that would have been scandalous as well to that family.)
...
(Ken: [To Cris] No, although that would've been disturbing for their wedding as well.)
[Laughter]
etienneWhat is West Side Story?
$8,400
|David|What is Fiddler on the Roof?
$6,401
CrisWhat Tony & Tina's Wedding
$5,221
West Side Story

Final scores:

Cris |David| etienne
$24,179 $3,999 $16,800
12-day champion: $380,881 3rd place: $1,000 2nd place: $2,000

Game dynamics:

Coryat scores:

Cris |David| etienne
$26,000 $13,000 $6,800
27 R
(including 1 DD),
0 W
18 R,
1 W
(including 1 DD)
9 R
(including 1 DD),
0 W

Combined Coryat: $45,800

[game clues] [game scores] [suggest correction]

Game tape date: 2022-10-10
The J! Archive is created by fans, for fans. Scraping, republication, monetization, and malicious use prohibited; this site may use cookies and collect identifying information. See terms. The Jeopardy! game show and all elements thereof, including but not limited to copyright and trademark thereto, are the property of Jeopardy Productions, Inc. and are protected under law. This website is not affiliated with, sponsored by, or operated by Jeopardy Productions, Inc. Join the discussion at JBoard.tv.